000 00457nam a2200181Ia 4500
003 GCL
008 140319s9999 xx 000 0 eng d
040 _aGCL /
_cGCL
082 0 4 _aCC
_b823.914
_bB W
100 1 _aBARBER, NOEL
245 1 0 _aA WOMAN OF CAIRO /
_cBARBER, NOEL
260 _aانجلترا :
_bHODDER AND STOUGHTON ،
_c1984
300 _a592
650 0 4 _aSOCIAL HISTORY
650 0 4 _aEGYPT
650 0 4 _aEGYPT - WOMEN
942 _2ddc
_cBK
999 _c20194
_d20194